Japan review of international affairs. (Record no. 1876)

MARC details
000 -LEADER
fixed length control field 02398cas a2200613 a 4500
001 - CONTROL NUMBER
control field 11333401
003 - CONTROL NUMBER IDENTIFIER
control field OSt
005 - DATE AND TIME OF LATEST TRANSACTION
control field 20230620154242.0
008 - FIXED-LENGTH DATA ELEMENTS--GENERAL INFORMATION
fixed length control field 871112d19872004ja fr p 0 0eng
010 ## - LIBRARY OF CONGRESS CONTROL NUMBER
LC control number 87655792
016 7# - NATIONAL BIBLIOGRAPHIC AGENCY CONTROL NUMBER
Record control number 010020184
Source Uk
022 ## - INTERNATIONAL STANDARD SERIAL NUMBER
International Standard Serial Number 0913-8773
ISSN-L 0913-8773
035 ## - SYSTEM CONTROL NUMBER
System control number (OCoLC)ocm16968055
037 ## - SOURCE OF ACQUISITION
Source of stock number/acquisition 19th Mori Bldg., 1-2-20 Toranomon, Minato-ku, Tokyo 105, Japan
040 ## - CATALOGING SOURCE
Original cataloging agency DLC
Language of cataloging eng
Transcribing agency DLC
Modifying agency NST
-- HUL
-- NYG
-- DLC
-- NST
-- SYS
-- OCLCQ
-- DLC
-- CUS
-- OCLCQ
-- UKMGB
-- OCLCO
-- OCLCF
-- BEDGE
-- OCL
-- OCLCO
-- OCL
-- DLC
-- IL4J6
-- OCLCA
-- PUL
042 ## - AUTHENTICATION CODE
Authentication code pcc
043 ## - GEOGRAPHIC AREA CODE
Geographic area code a-ja---
050 00 - LIBRARY OF CONGRESS CALL NUMBER
Classification number D839
Item number .J37
050 14 - LIBRARY OF CONGRESS CALL NUMBER
Classification number DS801
Item number .J316
082 00 - DEWEY DECIMAL CLASSIFICATION NUMBER
Classification number 327/.09/04
Edition number 20
Item number JIA
245 00 - TITLE STATEMENT
Title Japan review of international affairs.
260 ## - PUBLICATION, DISTRIBUTION, ETC. (IMPRINT)
Place of publication, distribution, etc. Tokyo, Japan :
Name of publisher, distributor, etc. Japan Institute of International Affairs,
Date of publication, distribution, etc. c1987-
300 ## - PHYSICAL DESCRIPTION
Extent v. ;
Dimensions 23 cm.
310 ## - CURRENT PUBLICATION FREQUENCY
Current publication frequency Semiannual
362 0# - DATES OF PUBLICATION AND/OR SEQUENTIAL DESIGNATION
Dates of publication and/or sequential designation Vol. 1, no. 1 (spring/summer 1987)-
362 1# - DATES OF PUBLICATION AND/OR SEQUENTIAL DESIGNATION
Dates of publication and/or sequential designation Ceased with 18 (1) (Spring 2004).
500 ## - GENERAL NOTE
General note Title from cover.
530 ## - ADDITIONAL PHYSICAL FORM AVAILABLE NOTE
Additional physical form available note Also issued online.
590 ## - LOCAL NOTE (RLIN)
Local note SERBIB/SERLOC merged record
648 #7 - SUBJECT ADDED ENTRY--CHRONOLOGICAL TERM
Chronological term 1945-1989
Source of heading or term fast
650 #0 - SUBJECT ADDED ENTRY--TOPICAL TERM
Topical term or geographic name as entry element World politics
Chronological subdivision 1945-1989
Form subdivision Periodicals.
650 #7 - SUBJECT ADDED ENTRY--TOPICAL TERM
Topical term or geographic name as entry element Politique internationale.
Source of heading or term eclas
650 #7 - SUBJECT ADDED ENTRY--TOPICAL TERM
Topical term or geographic name as entry element Publications périodiques.
Source of heading or term eclas
650 #7 - SUBJECT ADDED ENTRY--TOPICAL TERM
Topical term or geographic name as entry element Relations internationales.
Source of heading or term eclas
650 #7 - SUBJECT ADDED ENTRY--TOPICAL TERM
Topical term or geographic name as entry element Diplomatic relations.
Source of heading or term fast
Authority record control number (OCoLC)fst01907412
650 #7 - SUBJECT ADDED ENTRY--TOPICAL TERM
Topical term or geographic name as entry element World politics.
Source of heading or term fast
Authority record control number (OCoLC)fst01181381
650 #7 - SUBJECT ADDED ENTRY--TOPICAL TERM
Topical term or geographic name as entry element World politics
Chronological subdivision 1945-
Form subdivision Periodicals.
Source of heading or term nli
651 #0 - SUBJECT ADDED ENTRY--GEOGRAPHIC NAME
Geographic name Japan
General subdivision Foreign relations
Chronological subdivision 1945-1989
Form subdivision Periodicals.
651 #7 - SUBJECT ADDED ENTRY--GEOGRAPHIC NAME
Geographic name Asie.
Source of heading or term eclas
651 #7 - SUBJECT ADDED ENTRY--GEOGRAPHIC NAME
Geographic name Japon.
Source of heading or term eclas
651 #7 - SUBJECT ADDED ENTRY--GEOGRAPHIC NAME
Geographic name Région du Pacifique.
Source of heading or term eclas
651 #7 - SUBJECT ADDED ENTRY--GEOGRAPHIC NAME
Geographic name Japan.
Source of heading or term fast
Authority record control number (OCoLC)fst01204082
651 #7 - SUBJECT ADDED ENTRY--GEOGRAPHIC NAME
Geographic name Japan
General subdivision Foreign relations
Chronological subdivision 1945-
Form subdivision Periodicals.
Source of heading or term nli
655 #7 - INDEX TERM--GENRE/FORM
Genre/form data or focus term Periodicals.
Source of term fast
Authority record control number (OCoLC)fst01411641
655 #7 - INDEX TERM--GENRE/FORM
Genre/form data or focus term Periodicals.
Source of term lcgft
Authority record control number http://id.loc.gov/authorities/genreForms/gf2014026139
-- (uri) http://id.loc.gov/authorities/genreForms/gf2014026139
710 2# - ADDED ENTRY--CORPORATE NAME
Corporate name or jurisdiction name as entry element Nihon Kokusai Mondai Kenkyūjo.
776 08 - ADDITIONAL PHYSICAL FORM ENTRY
Relationship information Online version:
Title Japan review of international affairs
Record control number (OCoLC)624463831
906 ## - LOCAL DATA ELEMENT F, LDF (RLIN)
a 7
b cbc
c serials
d 3
e ncip
f 19
g n-oclcserc
942 ## - ADDED ENTRY ELEMENTS (KOHA)
Source of classification or shelving scheme Dewey Decimal Classification
Koha item type Books
Holdings
Withdrawn status Lost status Source of classification or shelving scheme Damaged status Not for loan Home library Current library Date acquired Total Checkouts Full call number Barcode Date last seen Price effective from Koha item type
    Dewey Decimal Classification     County Hall Archives County Hall Archives 06/20/2023   327/.09/04 JIA 10010901 06/20/2023 06/20/2023 Books
LIBRARY OPENING HOURS

When the Parliament is sitting: 8.00a.m - 7.00p.m or until the house adjourns
Mondays and Fridays and when the House is on Recess:  8.00a.m - 5.00p.m
Closed on Weekends and Public Holidays

Online Public Access Catalog (OPAC)
Website: http://www.parliament.go.ke
Bunge Library: https://libraryir.parliament.go.ke
Contact: library@parliament.go.ke | Tel no: (254-2)2221291 or 2848000 Ext 5043